The Sound of Innovation (Record no. 15795)
[ view plain ]
| 000 -LEADER | |
|---|---|
| fixed length control field | 00441nam a2200133Ia 4500 |
| 008 - FIXED-LENGTH DATA ELEMENTS--GENERAL INFORMATION | |
| fixed length control field | 220615s9999||||xx |||||||||||||| ||und|| |
| 020 ## - INTERNATIONAL STANDARD BOOK NUMBER | |
| International Standard Book Number | 9780260000000 |
| 100 ## - MAIN ENTRY--PERSONAL NAME | |
| Personal name | Nelson, Andrew J. |
| 245 #4 - TITLE STATEMENT | |
| Title | The Sound of Innovation |
| Remainder of title | Stanford and the Computer Music Revolution |
| 546 ## - LANGUAGE NOTE | |
| Language note | English[eng] |
| 650 ## - SUBJECT ADDED ENTRY--TOPICAL TERM | |
| Topical term or geographic name entry element | History of education||Music||Digital music: professional |
| 856 ## - ELECTRONIC LOCATION AND ACCESS | |
| Uniform Resource Identifier | <a href="https://doi.org/10.7551/mitpress/10086.001.0001">https://doi.org/10.7551/mitpress/10086.001.0001</a> |
| 942 ## - ADDED ENTRY ELEMENTS (KOHA) | |
| Koha item type | E-Books |
| Withdrawn status | Lost status | Damaged status | Not for loan | Home library | Current library | Date acquired | Total Checkouts | Date last seen | Price effective from | Koha item type |
|---|---|---|---|---|---|---|---|---|---|---|
| Kerala University of Digital Sciences, Innovation and Technology Knowledge Centre | Kerala University of Digital Sciences, Innovation and Technology Knowledge Centre | 15/06/2022 | 15/06/2022 | 15/06/2022 | E-Books |